000
00250nmm a2200085Ia 4500
008
220120s9999||||xx |||||||||||||||||und||
100
_a
Arena, Alien Digit
_9
11049
245
0
_a
Just so stories, 13 HD movie trailers, 5 full length movies,
260
_c
2008
999
_c
139208
_d
139208